| Tag |
First Indicator |
Second Indicator |
Subfields |
| LEADER |
00000cam a2200000 4500 |
| 001 |
in00000053763 |
| 005 |
20151008050858.0 |
| 008 |
720209s1965 oku b 00000 eng u |
| 010 |
|
|
|a 65010111
|
| 035 |
|
|
|a (OCoLC)00237370
|
| 035 |
|
|
|9 AAG4000AM
|
| 040 |
|
|
|c WSU
|d TXA
|d UtOrBLW
|
| 049 |
|
|
|a TXAM
|c [407506]
|
| 050 |
|
0 |
|a HD9944.U46
|b M85
|
| 092 |
|
|
|a 338.3729
|b S957f
|
| 100 |
1 |
|
|a Sunder, John E.
|q (John Edward)
|
| 245 |
1 |
4 |
|a The fur trade on the upper Missouri, 1840-1865 /
|c by John E. Sunder.
|
| 250 |
|
|
|a [1st ed.].
|
| 264 |
|
1 |
|a Norman :
|b University of Oklahoma Press,
|c [1965]
|
| 300 |
|
|
|a 295 pages
|
| 336 |
|
|
|a text
|b txt
|2 rdacontent
|
| 337 |
|
|
|a unmediated
|b n
|2 rdamedia
|
| 338 |
|
|
|a volume
|b nc
|2 rdacarrier
|
| 504 |
|
|
|a Bibliography: pages 266-281.
|
| 650 |
|
0 |
|a Fur trade
|z Missouri Valley.
|
| 651 |
|
0 |
|a Missouri River Valley
|x History.
|
| 999 |
|
|
|a MARS
|
| 999 |
f |
f |
|s f934c63e-5d9a-37d8-9c27-c591b830d986
|i 4eb832bb-62fa-30da-a80d-26b6a8ced57a
|t 0
|
| 952 |
f |
f |
|p ric
|a Texas A&M University
|b Rellis Campus
|c Joint Library Facility
|d Remote Storage
|t 0
|e HD9944.U46 M85
|h Library of Congress classification
|i unmediated -- volume
|m A14800764245
|
| 998 |
f |
f |
|a HD9944.U46 M85
|t 0
|l Remote Storage
|